000 00645nam a2200289Ia 4500
005 20260324144618.0
008 008 260324s9999 xx 000 0 eng d
020 _a9780429054839
037 _aEBOOK
040 _aCRL
040 _beng
040 _cCRL
041 _2eng
041 _aeng
084 _qCRL
100 _aA. E. Taylor
_91219974
245 0 _aVaria Socratica
245 0 _bFirst Series
260 _bTaylor and Francis
260 _c1987
365 _a
365 _b170
856 _uhttp://www.taylorfrancis.com/books/9780429054839
942 _cEBOOK
999 _c1826790
_d1826790